Language Quiz

Random Language or Letter Quiz
Score 0/24 Timer 03:00
2 Plays Today
Answer % Correct
DROP
88.2%
STOP
87.9%
CROP
87%
COOP
84.9%
FLOP
84.6%
CLOP
83.2%
LOOP
82%
SLOP
80.8%
POOP
79.2%
HOOP
77.4%
BOOP
76%
SHOP
75.9%
Answer % Correct
CHOP
71.7%
PLOP
71.5%
PROP
66.9%
GOOP
65.4%
GLOP
64.9%
WOOP
54.8%
NOOP
40.7%
ATOP
38.8%
SWOP
35.8%
WHOP
35.1%
SCOP
32.4%
KNOP
9.2%
Remove Ads.
Support Sporcle.
Get the best of Sporcle when you Go Orange. This ad-free experience offers more features, more stats, and more fun while also helping to support Sporcle. Thank you for becoming a member.

You're not logged in!

Compare scores with friends on all Sporcle quizzes.
OR
Log In

Show Comments

Extras

Top Quizzes Today


Score Distribution

Your Account Isn't Verified!

In order to create a playlist on Sporcle, you need to verify the email address you used during registration. Go to your Sporcle Settings to finish the process.

Report this User

Report this user for behavior that violates our Community Guidelines.

Details: